000 01300nam a2200277 4500
005 20240530110431.0
008 150331s2011 ua c a 000 f ara d
017 _a2010/15412
_bمصر . دار الكتب المصرية
020 _a9789774556323
040 _aEG-CaGPL
082 0 4 _221
_a809.931
_bط/د ر
100 1 _bفورد ، جيمس
_qجيمس فورد
245 1 0 _aهيركليز والمهام الاثنتا عشرة /
_cتاليف جيمس فورد ؛ رسوم بيتر روثرفورد ؛ ترجمة قسم الترجمة بدار الفاروق للاستثمارات الثقافية
250 _aط1
260 _aالقاهرة :
_bدار الفاروق للاستثمارات الثقافية ،
_c2011 .
300 _a32 ص :
_bصور لو ؛
_c22 سم
490 0 _aروائع الفلكلور العالمى
650 0 4 _aالادب والفلكلور
_xقصص الاطفال
650 0 4 _aالادب العالمى
_xقصص الاطفال
650 0 4 _aالقصص العالمية
650 0 4 _aالاساطير
700 1 _aروثرفورد ، بيتر
_eرسام
710 2 _aترجمة قسم الترجمة بدار الفاروق للاستثمارات الثقافية
_eمترجم
942 _2ddc
_cBK
999 _c60847
_d60847